<?xml version="1.0" encoding="utf-8"?>
<?xml-stylesheet type='text/xsl' href='./oai2.xsl'?>
<OAI-PMH xmlns="http://www.openarchives.org/OAI/2.0/" xmlns:xsi="http://www.w3.org/2001/XMLSchema-instance" xsi:schemaLocation="http://www.openarchives.org/OAI/2.0/ http://www.openarchives.org/OAI/2.0/OAI-PMH.xsd">
  <responseDate>2026-06-06T02:37:39Z</responseDate>
  <request verb="GetRecord" metadataPrefix="marcxml" identifier="record_kuniweb_26622">https://kulturerbe.niedersachsen.de/oai</request>
  <GetRecord>
    <record>
      <header>
        <identifier>record_kuniweb_26622</identifier>
        <datestamp>2025-08-28T09:38:22Z</datestamp>
        <setSpec>slg0183</setSpec>
      </header>
      <metadata>
        <marc:record xmlns:marc="http://www.loc.gov/MARC21/slim" xsi:schemaLocation="http://www.loc.gov/MARC21/slim http://www.loc.gov/standards/marcxml/schema/MARC21slim.xsd">
          <marc:leader>12345nkm  22     uu 4500</marc:leader>
          <marc:controlfield tag="001">26622</marc:controlfield>
          <marc:controlfield tag="003">http://kuniweb.gbv.de</marc:controlfield>
          <marc:controlfield tag="005">2023-08-22T13:24:23</marc:controlfield>
          <marc:controlfield tag="008">|           ||||||||||||||||||||||</marc:controlfield>
          <marc:datafield tag="245" ind1="1" ind2="0">
            <marc:subfield code="a">Bildnis Karl Friedrich Haeberlin (1756 - 1808)</marc:subfield>
          </marc:datafield>
          <marc:datafield tag="655" ind1=" " ind2="7">
            <marc:subfield code="a">Malerei</marc:subfield>
          </marc:datafield>
          <marc:datafield tag="046" ind1=" " ind2=" ">
            <marc:subfield code="k">1790</marc:subfield>
            <marc:subfield code="k">um 1800</marc:subfield>
            <marc:subfield code="l">1808</marc:subfield>
          </marc:datafield>
          <marc:datafield tag="260" ind1=" " ind2=" ">
            <marc:subfield code="g">1790</marc:subfield>
            <marc:subfield code="g">1808</marc:subfield>
            <marc:subfield code="g">um 1800</marc:subfield>
          </marc:datafield>
          <marc:datafield tag="300" ind1=" " ind2=" ">
            <marc:subfield code="a">Höhe: 13,5 cm
Höhe: 20,7 cm (Rahmen)
Breite: 16,6 cm (Rahmen)
Breite: 9,5 cm
Tiefe: 1,5 cm (Rahmen)</marc:subfield>
          </marc:datafield>
          <marc:datafield tag="520" ind1=" " ind2=" ">
            <marc:subfield code="a">Hochovales Profilbildnis nach links des Karl Friedrich Haeberlin, Professor der Rechte in Helmstedt: Der Dargestellte trägt einen grauen Rock mit Umlegekragen, darunter ein weißes Jabot. Das ergraute Haupthaar ist nach hinten frisiert und zu einem Zopf mit schwarzer Schleife gebunden. An der Seite ist das Haar bei hoher Stirn gelockt, das Gesicht bartlos. 
Der Hintergrund ist monochrom beige-grau.
Das Bild befindet sich unter Glas in einem viereckigen Holzrahmen mit zentraler ovaler Messingleiste. (Städtisches Museum Braunschweig)

Aufschrift:
"Carl Friedrich Haeberlin // 4/8 1756 - 1808 // Professor der Rechte in // Helmstedt. // verheir. mit Caroline // Wilhelmine Hoefer // Ga. 186" (in Schwarz, auf der Rückseite)

Verwendungszweck:
Kunst

Maßstab: 1 zu 1

Literatur in Zusammenhang:
Wolfenbütteler Zeitung v. 25.04.1970, S. 13.

Literatur in Zusammenhang:
„Allgemeine deutsche Biographie &amp; Neue deutsche Biographie : Gesamtregister auf CD-ROM“. Duncker &amp; Humblot, Berlin, 2005.

Literatur in Zusammenhang:
H. -R. Jarck, „Braunschweigisches biographisches Lexikon : 19. und 20. Jahrhundert“. Hahn, Hannover, 1996. (S. 239: Lexikonartikel Prof. Dr. Karl Friedrich Häberlin (5.8.1756 Helmstedt - 16.8.1808 Helmstedt) Staatsrechtslehrer, Publizist, brsg. Diplomat.)

Literatur in Zusammenhang:
E. Fischer, „Carl Friedrich Haeberlin, ein braunschweigischer Staatsrechtslehrer und Publizist 1756 - 1808“. Hubert, Göttingen, 1914.</marc:subfield>
          </marc:datafield>
          <marc:datafield tag="500" ind1=" " ind2=" ">
            <marc:subfield code="a">Nachlass/Erbschaft/Vermächtnis

August 1939</marc:subfield>
          </marc:datafield>
          <marc:datafield tag="650" ind1="1" ind2=" ">
            <marc:subfield code="a">Kunstwerk</marc:subfield>
          </marc:datafield>
          <marc:datafield tag="650" ind1="1" ind2=" ">
            <marc:subfield code="a">Malerei &gt; Miniatur</marc:subfield>
          </marc:datafield>
          <marc:datafield tag="650" ind1="1" ind2=" ">
            <marc:subfield code="a">Bildwerke/Bildende Kunst</marc:subfield>
          </marc:datafield>
          <marc:datafield tag="650" ind1="1" ind2=" ">
            <marc:subfield code="a">Malerei</marc:subfield>
          </marc:datafield>
          <marc:datafield tag="773" ind1="0" ind2=" ">
            <marc:subfield code="t">Sammlung Malerei</marc:subfield>
          </marc:datafield>
          <marc:datafield tag="852" ind1=" " ind2=" ">
            <marc:subfield code="a">Städtisches Museum Braunschweig</marc:subfield>
          </marc:datafield>
          <marc:datafield tag="852" ind1=" " ind2=" ">
            <marc:subfield code="a">Deutschland</marc:subfield>
          </marc:datafield>
          <marc:datafield tag="" ind1=" " ind2=" ">
            <marc:subfield code="a">Namensnennung - Nicht kommerziell - Keine Bearbeitungen 4.0 International (CC BY-NC-ND 4.0)</marc:subfield>
          </marc:datafield>
        </marc:record>
      </metadata>
    </record>
  </GetRecord>
</OAI-PMH>
